000 01961cam a22004694i 4500
003 PE-LiUPU
005 20250731173138.0
008 150623s r 000 0 d
020 _a0828008515
035 _a(Sirsi) i9780828008518
040 _aPE-LiUPU
_bspa
_cPE-LiUPU
_erda
049 _aPRUA
082 0 4 _a232.8
_bA22
_221
100 1 _aAdams, Roy,
_d1941-,
_eautor.
245 1 4 _aThe nature of Christ :
_bhelp for a church divided over perfection /
_cRoy Adams.
264 1 _aHagerstown, MD :
_bReview and Herald Publishing Association,
_c1994.
300 _a143 páginas ;
_c23 centímetros
336 _atext
_2rdacontent
337 _aunmediated
_2rdamedia
338 _avolume
_2rdacarrier
504 _aIncluye bibliografía.
505 0 _aHow they see it: the theological reasoning of the concerned and disaffected brethren. Examining the roots: the legacy of jones and waggoner. Locked in bitter conflict: Andreasen versus the brethren. The word became flesh: like Adam or like us?. The temptations of Christ: did he have an advantage over us?. What is Sin? the issue at the heart of the debate. Corporate repentance: who demands it?. What does God require?. Careful how you draw the parallels.
526 _aSEG42
526 _aSEG41
526 _aSEG40
526 _aSEG39
526 _aP94
526 _aP87
526 _aP86
526 _aP85
526 _aP77
526 _aP76
526 _aP35
610 2 _aIASD
_xDoctrinas.
650 0 4 _aJesucristo
_xHumanidad.
942 _2ddc
_cBOOK
949 _a232.8 A22
_wDEWEY
_c1
_i52390
_lCCODEBUL1
_mBUL
_p10.00
_r0
_sY
_tBOOK
_u2015-6-24
_xTEOLOGIA
_PP35
_0COMPRA
_o.STAFF. Colección General
994 _aC0
_bPEPRU
596 _a1
999 _a232.8 A22
_wDEWEY
_c34218
_i52390
_f2021-11-11
_g4
_lCCODEBUL1
_mBUL
_p10.00
_r0
_sY
_tBOOK
_u2015-6-24
_xTEOLOGIA
_PP35
_0COMPRA
_o.STAFF. Colección General
_d34218
980 _81
_gALBERTO SANCHEZ Responsable de Automatización